Tempo e racconto-II-La configurazione nel racconto di finzione (Record n. 66304)
[ formato base ]
| 000 -LEADER | |
|---|---|
| fixed length control field | 01373nam a2200325Ia 4500 |
| 001 - CONTROL NUMBER | |
| control field | 65232 |
| 003 - CONTROL NUMBER IDENTIFIER | |
| control field | IT-RoPAU |
| 008 - FIXED-LENGTH DATA ELEMENTS--GENERAL INFORMATION | |
| fixed length control field | 130308s9999 xx 000 0 und d |
| 040 ## - CATALOGING SOURCE | |
| Original cataloging agency | IT-RoPAU |
| 040 ## - CATALOGING SOURCE | |
| Transcribing agency | IT-RoPAU |
| 041 ## - LANGUAGE CODE | |
| Language code of text/sound track or separate title | ITALIANO |
| 999 ## - SYSTEM CONTROL NUMBERS (KOHA) | |
| Koha Dewey Subclass [OBSOLETE] | SI |
| 100 ## - MAIN ENTRY--PERSONAL NAME | |
| Personal name | Ricoeur Paul |
| 100 ## - MAIN ENTRY--PERSONAL NAME | |
| Miscellaneous information | Codice Aut. SPICS: 2052 |
| 240 ## - UNIFORM TITLE | |
| Uniform title | TEMPS ET RECIT-II-LA configuration DANS LE recit DE FICTION |
| 240 ## - UNIFORM TITLE | |
| Miscellaneous information | Codice Tit. Orig. Spics: 35367 |
| 245 ## - TITLE STATEMENT | |
| Title | Tempo e racconto-II-La configurazione nel racconto di finzione |
| 245 ## - TITLE STATEMENT | |
| Remainder of title | Tempo e Racconto-Ii-La configurazione nel Racconto di Finzione |
| 250 ## - EDITION STATEMENT | |
| Edition statement | 1a ed. |
| 260 ## - PUBLICATION, DISTRIBUTION, ETC. (IMPRINT) | |
| Place of publication, distribution, etc. | MILANO |
| 260 ## - PUBLICATION, DISTRIBUTION, ETC. (IMPRINT) | |
| Name of publisher, distributor, etc. | Jaca Book |
| 260 ## - PUBLICATION, DISTRIBUTION, ETC. (IMPRINT) | |
| Date of publication, distribution, etc. | 1987 [1° Ed.:1987 - Ed.Ling.Originale:1984] |
| 300 ## - PHYSICAL DESCRIPTION | |
| Extent | "258 p. (prefazione: no ; testo: 258)" |
| 500 ## - GENERAL NOTE | |
| General note | Metamorfosi dell'Intrigo Perennità Declino Condizionamenti Semiotici della Narratività morfologia della favola Secondo Propp Logica del Racconto Semiotica Narrativa di Greimas Giochi con Il Tempo Tempi del Verbo ed Enunciazione Tempo del raccontare e Tempo Raccontato Enunciazione Enunciato Punto di Vista e voce Narrativa Esperienza Temporale di Finzione Tempo Mortale e Tempo monumentale Mrs. Dalloway Zauberberg Tempo Perduto e Ritrovato |
| 650 ## - SUBJECT ADDED ENTRY--TOPICAL TERM | |
| Topical term or geographic name as entry element | SAGGI DI SEMIOLOGIA |
| 650 ## - SUBJECT ADDED ENTRY--TOPICAL TERM | |
| Relator term | Codice materia Spics: 3257 |
| 942 ## - ADDED ENTRY ELEMENTS (KOHA) | |
| Koha item type | LIBRO |
| 957 ## - | |
| -- | 1 |
| 999 ## - SYSTEM CONTROL NUMBERS (KOHA) | |
| -- | 1 |
| Withdrawn status | Lost status | Damaged status | Not for loan | Home library | Current library | Date acquired | Total Checkouts | Full call number | Date last seen | Price effective from | Koha item type | Public note |
|---|---|---|---|---|---|---|---|---|---|---|---|---|
| Buone Condizioni | Not For Loan | SPICS-MEDIATECA | SPICS-MEDIATECA | 08/03/2013 | 65232 | 08/03/2013 | 08/03/2013 | LIBRO | Progressivo inserimento: 6920 / N. Volumi: 1 Copie: 1 Copia Rara: SI / data import: 1 marzo 2013 - By Epidotti, Trombetti, Vaglietti. |